NLSUI OPAC header image

A critical analysis of the Vodafone case (Record no. 217168)

MARC details
000 -LEADER
fixed length control field 00435nam a2200133Ia 4500
005 - DATE AND TIME OF LATEST TRANSACTION
control field 20260209120134.0
008 - FIXED-LENGTH DATA ELEMENTS--GENERAL INFORMATION
fixed length control field 260209s9999||||xx |||||||||||||| ||und||
100 ## - MAIN ENTRY--PERSONAL NAME
Personal name Nitesh Kumar Singh
245 #2 - TITLE STATEMENT
Title A critical analysis of the Vodafone case
260 ## - PUBLICATION, DISTRIBUTION, ETC.
Place of publication, distribution, etc. BangaloreBangalore
Name of publisher, distributor, etc. NLSIU
Date of publication, distribution, etc. 2014
300 ## - PHYSICAL DESCRIPTION
Extent 113 p. ; 25 cm.
700 ## - ADDED ENTRY--PERSONAL NAME
Personal name Prof. V S Mallar -GuideProf. V S Mallar -Guide
856 ## - ELECTRONIC LOCATION AND ACCESS
Uniform Resource Identifier <a href="https://dans.nls.ac.in/handle/123456789/1711">https://dans.nls.ac.in/handle/123456789/1711</a>
Holdings
Withdrawn status Lost status Damaged status Not for loan Home library Current library Date acquired Total Checkouts Barcode Date last seen Price effective from Koha item type
        . . 09.02.2026   LLM533 09.02.2026 09.02.2026 Dissertation